000 00590cam a22002051 4500
001 sa 66001013
003 DLC
005 20260227112219.0
008 960922s195u pk 000 0 pusr
010 _asa 66001013
025 _aPL480:P-Pushto-214
035 _a(OCoLC)35601611
040 _aDLC
_cCLU
_dCLU
_dDLC
042 _apremarc
050 0 0 _aPK6820.J3
_bQ55
100 0 _aJamshayd.
245 1 0 _aQiṣṣah da Pīr Bābā,
_bbalkay u qadrạy.
_cAuthor Jamshayd da Topạy.
260 _aPishāwar Shahar,
_bʻAbd al-Khāliq wa Faz̤al Mālik
_c[195-]
300 _a80 p.
_c18 cm.
999 _c67553
_d67553